000 00397 a2200133 4500
245 _aWriting now
_b : more stories from Zimbabwe
_hprint
020 _a177922043X
650 _aTHE CASE OF ZIMBABWE
005 20191021095405.0
260 _arh
_bWeaver Press
_c2005
084 _aPR9390.8 .W75 2005
300 _axvi, 304 p.
_b 21 cm.
_cxvi, 304 p. ; 21 cm.
500 _aedited by Irene Staunton.
999 _c12180
_d12180